Долгая дорога памяти. Кн. 5 (Запись № 13637797)

Подробности
000 -МАРКЕР
контрольное поле 01358nam2a2200277 4500
001 - ИДЕНТИФИКАТОР ЗАПИСИ
контрольное поле RU\NLR\BIBL_A\022754450
005 - ИДЕНТИФИКАТОР ВЕРСИИ
контрольное поле 20260527170657.0
010 ## - МЕЖДУНАРОДНЫЙ СТАНДАРТНЫЙ НОМЕР КНИГИ (ISBN)
Номер (ISBN) 978-5-6054876-3-0
Тираж 1000
021 ## - НОМЕР ГОСУДАРСТВЕННОЙ РЕГИСТРАЦИИ
Код страны Российская Федерация
Номер КН-П-26-002903
Номер Листа государственной регистраци КН-П-26-0265
035 ## - ДРУГИЕ СИСТЕМНЫЕ НОМЕРА
Идентификатор записи (NLR Aleph) 022754450
100 ## - ДАННЫЕ ОБЩЕЙ ОБРАБОТКИ
Данные общей обработки 20260316d2025 u y0rusy50 ca
101 0# - ЯЗЫК РЕСУРСА
Язык текста, звукозаписи и т.д. русский
102 ## - СТРАНА ПУБЛИКАЦИИ ИЛИ ПРОИЗВОДСТВА
Страна публикации Российская Федерация
105 ## - ПОЛЕ КОДИРОВАННЫХ ДАННЫХ: ТЕКСТОВЫЕ МАТЕРИАЛЫ, МОНОГРАФИЧЕСКИЕ
Кодированные данные о монографическом текстовом документе ach z 000yd
200 0# - ЗАГЛАВИЕ И СВЕДЕНИЯ ОБ ОТВЕТСТВЕННОСТИ
Основное заглавие Кн. 5
Первые сведения об ответственности [текст: А. А. Тетенков, Н. П. Губская, Е. В. Литвинова]
210 ## - ПУБЛИКАЦИЯ, РАСПРОСТРАНЕНИЕ И ДР.
Дата издания, распространения и т.д. 2025
215 ## - ФИЗИЧЕСКАЯ ХАРАКТЕРИСТИКА
Специфическое обозначение материала и объем 172, [3] с.
Другие сведения о физической характеристике ил., цв. ил., портр., факс.
461 #0 - УРОВЕНЬ НАБОРА
Встроенное поле 001RU\NLR\BIBL_A\012596689
-- 2001#$aДолгая дорога памяти$eкнига памяти$f[текст: Т.А. Каленова]$vКн. 5
-- 700#1$aКаленова$bТ. А.
Системный номер (АБИС) связанной записи 12569209
Автор Каленова, Т. А.
Место публикации Томск
Дата публикации 2021
Первые сведения об ответственности [текст: Т.А. Каленова]
Имя издателя, распространителя и т.д. Томская региональная организация "Российский союз ветеранов Афганистана"
Сведения, относящиеся к заглавию книга памяти
Заглавие Долгая дорога памяти
Номер тома Кн. 5
701 #1 - ИМЯ ЛИЦА - АЛЬТЕРНАТИВНАЯ ОТВЕТСТВЕННОСТЬ
Начальный элемент ввода Тетенков
Часть имени, кроме начального элемента ввода А. А.
701 #1 - ИМЯ ЛИЦА - АЛЬТЕРНАТИВНАЯ ОТВЕТСТВЕННОСТЬ
Начальный элемент ввода Губская
Часть имени, кроме начального элемента ввода Н. П.
Расширение инициалов личного имени Нина Петровна
701 #1 - ИМЯ ЛИЦА - АЛЬТЕРНАТИВНАЯ ОТВЕТСТВЕННОСТЬ
Начальный элемент ввода Литвинова
Часть имени, кроме начального элемента ввода Е. В.
942 ## - ДОПОЛНИТЕЛЬНЫЕ ЭЛЕМЕНТЫ ЗАПИСИ (АБИС)
Тип экземпляра АБИС Книга
980 ## - КОЛЛЕКЦИЯ
Название коллекции Национальная библиография

Нет доступных экземпляров.